000 01050nam a22003137a 4500
003 CHAP
005 20220329143551.0
008 100608s2009 mx a r 00010 spa d
010 _a98631
011 _a99603
020 _a9680202674
035 _a110289
040 _cCHAP
082 1 4 _a370.1
_bC27
100 0 0 _aCastro Franco, Rafael.
_920360
245 1 0 _aFilosofia de la educación liberal
_c/por Rafael Castro Franco
260 _aBermejillo, Dgo. :
_bUACH, Unidad Regional Universitaria de Zonas Áridas,
_c2009
300 _a89 p. :
_bilus.
590 _aBATCH-UPD
_b10
_c20130110
_lUCH01
_h1000
590 _aBATCH-UPD
_b10
_c20130410
_lUCH01
_h0611
590 _aBATCH-UPD
_b10
_c20130914
_lUCH01
_h0859
590 _aCONVERSION
_b10
_c20130109
_lUCH01
_h1354
650 0 4 _aEducación
_xFilosofía.
_935446
901 _aBK
911 _aen proceso
942 _cLIBRO
949 _a370.1 C27
_bBC
_cLIBRO
_d33724002173751
_eLIBRO
_fc.2
_gI.c/e
_h112835
_i110289
_sb
949 _a370.1 C27
_bBC
_cUACH
_d33724002173793
_eUACH
_gI.c/e
_h112834
_i110289
_sb
999 _c98631
_d98631